01672nam a22002417a 4500008004100000020001800041040000800059041001300067100004400080240003600124245005100160260004500211300002500256520049400281520041800775650003301193650002901226650005501255650002001310655003401330655002401364700004201388251021b |||||||| |||| 00| 0 eng d a9791041421824 cTBS afrehice aSigurðardóttir, Liljad1972-eauthor aBlóðrauður sjór.lFrench. aRouge comme la merc/ Lilja Sigurðardóttir. aParis :bÉditions Métailié,c2024. a278 pages ; c22 cm. aUne intrigue surprenante au milieu de l'automne islandais. Lorsque l’entrepreneur Flosi rentre chez lui, il découvre que sa maison a été mise à sac, et Gudrún, sa femme, enlevée. Si Flosi n’accepte pas de payer une énorme rançon, elle sera tuée. Désespéré, il contacte Aurora, une enquêtrice réputée pour sa discrétion. En plein automne islandais, les suspects se multiplient, les mafias se rapprochent, et tout prend un tour de plus en plus trouble… aA gripping mystery set in the heart of the Icelandic autumn. When businessman Flosi returns home, he finds his house ransacked and his wife, Gudrún, kidnapped. If he doesn’t pay a huge ransom, she will be killed. Desperate, he contacts Aurora, a private investigator known for her discretion. As the Icelandic autumn deepens, suspects multiply, the mafia closes in, and everything grows increasingly murky… 0aKidnappingzIcelandvFiction 0aPolicezIcelandvFiction 0aMissing personsxInvestigation zIceland vFiction 0aRansomvFiction 0aDetective and mystery fiction 0aThrillers (Fiction) aSalaün, Jean-Christopheetranslator